000 00272nam a22001217a 4500
020 _a978-1-4075-1730-8
082 _a823
_b10997
100 _aPORYES, MICHAEL
245 _aHANNAH MONTANA
_bCRUSH-TASTIC!
260 _aLONDON
650 _aNOVEL
_zUNITED KINGDOM
942 _cBK
999 _c2421
_d2421